000 01168cas a22003977a 4500
001 data
005 20260322212119.0
008 data
010 _asf 88010052
_zsn 86010413
016 7 _a010462312
_2Uk
022 _a0179-3225
_2z
023 0 _a0179-3225
_2z
029 1 _aAU@
_b000024516832
035 _a(OCoLC)5251692
040 _aNDD
_beng
_cNDD
_dOCLCQ
_dDLC
_dOCLCQ
_dUKMGB
_dOCLCQ
_dCAI
_dOCLCO
_dOCLCF
_dOCLCQ
041 0 _aeng
_aeng
042 _apcc
_apcc
050 0 0 _aUNC
210 0 _aAppl. comput. sci.
222 0 _aApplied computer science
245 0 0 _aApplied computer science.
260 _aMünchen :
_bC. Hanser,
_c1976-
300 _avolumes :
_billustrations ;
_c24 cm
336 _atext
_btxt
_2rdacontent
337 _aunmediated
_bn
_2rdamedia
338 _avolume
_bnc
_2rdacarrier
362 0 _a1-
500 _a"Berichte zur praktischen Informatik."
500 _aTitle from series t.p.
546 _aChiefly German; some English.
650 0 _aComputer science.
650 7 _aComputer science.
_2fast
_0(OCoLC)fst00872451
906 _a7
_bcbc
_cserials
_du
_encip
_f19
_gn-oclcserc
991 _bc-Ser
_hUNC
_wSERIALS
999 _c1816
_d1816